000 00476nam a2200181Ia 4500
003 GCL
008 140319s9999 xx 000 0 eng d
040 _aGCL /
_cGCL
082 0 4 _a297.19
_bF S
100 1 _aFULLER, GRAHAM
245 1 0 _aA SENSE OF SIEGE: THE GEOPOLITICS OF ISLAM AND THE WEST /
_cFULLER, GRAHAM
260 _a[S.N] :
_bWESTVIEW PRESS
300 _a193 P
650 0 4 _aنجد
650 0 4 _aISLAM - GEOPOLITICS
650 0 4 _aGEOPOLITICS
942 _2ddc
_cBK
999 _c10342
_d10342